| 000 | 00750nam a22001935i 4500 | ||
|---|---|---|---|
| 001 | 161430 | ||
| 003 | ES-MaACL | ||
| 005 | 20230906212301.0 | ||
| 008 | 041019m18331834fr |||| | fre d | ||
| 040 |
_aCAM _bspa _cCAM |
||
| 100 | 1 |
_aParis, Aimé. _9130858 |
|
| 245 | 1 | 0 |
_aPrincipes et applications diverses de la mnémotechnie ou l'art d'aider la mémoire / _cpar Aimé Paris. |
| 250 | _a7ème éd. | ||
| 260 |
_aParis : _bChez l'auteur, quai d'Anjou, nº15, Ile St-Louis, _c1833-1834 ( _fImp. et Lith. de G. Ayné Neveu) |
||
| 300 |
_a2 v. (763 p., [3] h. de lám. pleg.) ; _c21 cm. |
||
| 596 | _aEn el t.II consta como Editorial: Chez Mansut Fils, Libraire. | ||
| 650 | 4 |
_aMemoria. _914989 |
|
| 852 |
_aES-MaACL _jG-13002-13003 _z-- Enc. hol. |
||
| 999 |
_c161430 _d161430 |
||